Statistics for World's Largest Airlines

Click here to take the quiz!

General Stats

  • This quiz has been taken 85 times
  • The average score is 69 of 91

Answer Stats

#Airline% Correct
1,106American Airlines
93%
957American Airlines
93%
9.1BAmerican Airlines
93%
350American Airlines
93%
62American Airlines
93%
215.2MAmerican Airlines Group
93%
44.5BAmerican Airlines Group
93%
364.2MAmerican Airlines Group
93%
880Delta Air Lines
93%
204.0MDelta Air Lines
93%
44.9BDelta Air Lines
93%
939Delta Air Lines
93%
320Delta Air Lines
93%
8.7BDelta Air Lines
93%
350.4MDelta Air Lines
93%
75Lufthansa
93%
274Lufthansa
93%
3.0BLufthansa
93%
42.3BLufthansa
93%
145.2MLufthansa Group
93%
261.2MLufthansa Group
93%
31.3BAir France-KLM
92%
248.5MAir France-KLM
92%
118.3MInternational Airlines Group
92%
252.8MInternational Airlines Group
92%
28.8BInternational Airlines Group
92%
7.4MLufthansa Cargo
92%
5.3BEmirates
90%
24.2BEmirates
90%
78Emirates
90%
12.7MEmirates SkyCargo
90%
292.2MThe Emirates Group
90%
82British Airways
87%
3.5BBritish Airways
87%
470Air China
85%
201Air China
85%
439Air China
85%
201.1MAir China
85%
3.4BAir China
85%
486SkyWest
84%
950United Airlines
84%
7.0BUnited Airlines
84%
41.9BUnited Airlines
84%
777United Airlines
84%
373United Airlines
84%
162.4MUnited Airlines
84%
62United Airlines
84%
348.0MUnited Airlines Holdings
84%
115.0MAir China Group
80%
22.0BSouthwest Airlines
80%
162.7MSouthwest Airlines
80%
207.8MSouthwest Airlines
80%
754Southwest Airlines
80%
753Southwest Airlines
80%
5.3BSouthwest Airlines
80%
456Ryanair
77%
152.4MRyanair
77%
1,831Ryanair
77%
121Turkish Airlines
75%
302Turkish Airlines
75%
78Qatar Airways
72%
12.7MQatar Airways Cargo
72%
91Air France
64%
204Air France
64%
230.7MChina Southern Airlines
62%
4.1BChina Southern Airlines
62%
603China Southern Airlines
62%
6.6MChina Southern Airlines
62%
667China Southern Airlines
62%
21.7BChina Southern Airlines
62%
151.6MChina Southern Airlines
62%
67KLM
62%
648China Eastern Airlines
61%
3.8BChina Eastern Airlines
61%
121.1MChina Eastern Airlines
61%
217China Eastern Airlines
61%
607China Eastern Airlines
61%
945easyJet
61%
7.1MAir China Cargo
54%
18.6BAll Nippon Airways
52%
7.9MKorean Air Cargo
52%
11.3MCathay Pacific Cargo
48%
378FedEx Express
44%
375FedEx Express
44%
17.5MFedEx Express
44%
815UPS Airlines
43%
12.5MUPS Airlines
43%
81Ethiopian Airlines
38%
614Wizz Air
31%
7.3MCargolux
25%
470Tui Airways
20%

Score Distribution

Percentile by Number Answered

Percent of People with Each Score

Your Score History

You have not taken this quiz